| 000 | 00832cac a22002531u 4500 | ||
|---|---|---|---|
| 090 | _c7184 | ||
| 008 | 081102t2000 xxu||||| |||| 00| 0 eng d | ||
| 010 | _a007467109 | ||
| 020 | _a1860467296 (pbk.) | ||
| 082 |
_a126 _bMAA |
||
| 100 | _aMaalouf, Amin. | ||
| 245 |
_aOn identity / _cAmin Maalouf ; translated from the French by Barbara Bray. |
||
| 260 |
_aLondon : _bHarvill, _cc.2000. |
||
| 300 |
_a133p. ; _c20cm. |
||
| 500 | _aDistributer: Baccah. | ||
| 511 | _aCatalogued By: Mahitab. | ||
| 650 | _aIdentity (Philosophical concept) | ||
| 650 | _aMinorities. | ||
| 650 | _aEthnicity. | ||
| 650 | _aEthnic relations. | ||
| 650 | _aGroup identity. | ||
| 942 |
_cBB _k126 MAA _2ddc |
||
| 999 |
_c7184 _d7184 |
||